[Event "45th Olympiad 2024"]
[Site "Budapest HUN"]
[Date "2024.09.15"]
[Round "5.39"]
[Board "3"]
[White "Saif, Malek"]
[Black "Hossain, Enamul"]
[Result "0-1"]
[WhiteElo "2162"]
[BlackElo "2354"]
[PlyCount "126"]
[EventDate "2024.09.11"]
[WhiteTeam "Jordan"]
[BlackTeam "Bangladesh"]
[WhiteTeamCountry "JOR"]
[BlackTeamCountry "BAN"]

1. e4 c5 2. Nf3 e6 3. d4 cxd4 4. Nxd4 Nc6 5. Nc3 a6 6. a3 Qc7 7. g3 Nf6 8. Bg2 Nxd4 9. Qxd4 Bc5 10. Qd3 ({RR} 10. Bf4 d6 11. Qd2 Ng4 12. O-O Ne5 13. Na4 Ba7 14. b3 b5 15. Nb2 Bb7 16. c4 O-O 17. Rac1 Qe7 18. c5 Rfd8 19. Qc3 f6 20. Bxe5 dxe5 21. b4 Bc6 22. Rfd1 Rac8 23. h4 g6 24. Kh2 Bb8 {0-1 Faizulaev,A (2354)-Begmuratov,K (2385) ch-UZB 2024 Tashkent UZB (10.3)}) 10... Ng4 ({RR} 10... h5 11. h3 b5 12. Bf4 d6 13. O-O-O e5 14. Be3 Be6 15. f4 Rc8 16. Bxc5 dxc5 17. Nd5 Qd8 18. Qc3 exf4 19. Nxf4 Qe7 20. e5 Nd7 21. Rd6 h4 22. Rhd1 Qg5 23. Kb1 b4 24. axb4 Nxe5 25. Nxe6 {1-0 Maghsoodloo,P (2707)-Klekowski,M (2477) Titled Tue 19th Sep Late 2023 (11)}) 11. Nd1 $146 ({RR} 11. O-O h5 12. Qe2 b5 13. Bf4 Ne5 14. Rad1 Bb7 15. Qd2 O-O-O 16. Ne2 f6 17. b4 Ba7 18. Nc1 g5 19. Bxe5 Qxe5 20. Nd3 Qc7 21. a4 g4 22. axb5 axb5 23. Nf4 h4 24. Ng6 hxg3 25. hxg3 Qxg3 {0-1 Ellrich,P-Niess,G GER U20-ch Grossrosseln 1960 (3)}) ({RR} 11. O-O b5 12. h3 Ne5 13. Qe2 Bb7 14. Bf4 d6 15. Bxe5 dxe5 16. Nd1 O-O 17. Re1 Rad8 18. c3 Rd7 19. Ne3 f5 20. Rad1 Rxd1 21. Nxd1 f4 22. Qg4 Rf6 23. Qf3 Rg6 24. g4 h5 25. Qe2 hxg4 {0-1 Wiesinger,J-Kosmac,B Finkenstein op 1997}) ({RR} 11. O-O h5 12. h3 Ne5 13. Qe2 b5 14. Bf4 Bb7 15. Rad1 f6 16. Kh2 g5 17. Bxe5 fxe5 18. Kg1 h4 19. Kh2 O-O-O 20. Bf3 Rdf8 21. Bg4 Kb8 22. Kg2 Bd4 23. Rd3 Rf6 24. gxh4 Rxh4 25. f3 Qc6 {0-1 Gedgafov,C (2154)-Shahaliyev,I (2413) Titled Tuesday intern op 02nd Feb blitz 2021 (1)}) 11... b5 12. Qe2 h5 13. h3 Ne5 14. Ne3 Bb7 15. O-O h4 16. g4 Ng6 17. Rd1 Nf4 18. Qf1 Qe5 19. Re1 Bd6 20. Bf3 Bxe4 21. Bxe4 Qxe4 22. f3 Qe5 23. Bd2 Ng6 24. Re2 Qxb2 25. Ng2 Qd4+ 26. Be3 Qc4 27. f4 Ne7 28. Rd1 Bxa3 29. f5 Nd5 30. Qf3 O-O 31. f6 Nxf6 32. g5 Qe4 33. Qf2 Nd5 34. Rd4 Qe5 35. Bc1 Qd6 36. Bxa3 Qxa3 37. Qxh4 Rac8 38. Kh2 Qd6+ 39. Kg1 Rc3 40. Red2 Qc5 41. Kh1 Rxc2 42. R2d3 Rc1+ 43. Kh2 Qc7+ 44. Rg3 Ne7 45. Ne3 Rc3 46. g6 Nxg6 47. Qg5 Qe5 48. Qxe5 Nxe5 49. Nd5 Rc2+ 50. Kh1 exd5 51. Rxd5 Re8 52. Re3 f6 53. h4 Kh7 54. Rd1 Rec8 55. h5 Rc1 56. Ree1 Rxd1 57. Rxd1 Rc2 58. Rf1 b4 59. h6 Kxh6 60. Rb1 Nf3 61. Rb2 b3 62. Ra2 Rh2+ 63. Rxh2+ Nxh2 0-1

[Event "45th Olympiad 2024"]
[Site "Budapest HUN"]
[Date "2024.09.15"]
[Round "5.39"]
[Board "4"]
[White "Zia, Tahsin Tajwar"]
[Black "Anas Khwaira"]
[Result "0-1"]
[WhiteElo "2255"]
[BlackElo "1994"]
[PlyCount "112"]
[EventDate "2024.09.11"]
[WhiteTeam "Bangladesh"]
[BlackTeam "Jordan"]
[WhiteTeamCountry "BAN"]
[BlackTeamCountry "JOR"]

1. Nf3 {Ftacnik,Lubomir} c5 2. b3 Nc6 3. Bb2 d5 4. e3 Nf6 5. Bb5 Qb6 6. Qe2 a6 7. Bxc6+ Qxc6 8. d3 g6 9. O-O Bg7 10. Nbd2 O-O 11. h3 $146 ({RR} 11. Ne5 Qc7 12. f4 Ng4 13. Nxg4 Bxb2 14. Rad1 f5 15. Nf2 e5 16. Rb1 Bc3 17. Nd1 Ba5 ({RR} 17... Bxd2 18. Qxd2 Be6) 18. c4 d4 19. Nf3 exf4 20. exd4 Bd7 ({RR} 20... cxd4 21. b4 Bb6 22. c5 Ba7 23. Nxd4) 21. dxc5 Rfe8 ({RR} 21... Rae8) 22. Qf2 Bb4 23. d4 Bc6 24. a3 ({RR} 24. d5 Bxd5 25. cxd5 Bxc5 26. Nd4 Qb6) 24... Bxa3 25. Nc3 ({RR} 25. b4 a5 26. b5 Be4) 25... Re3 {1-0 Konstantinopolsky,A-Levenfish,G URS-ch16 Final 1948 (17)}) ({RR} 11. c4 Rd8 12. Rac1 b5 13. d4 bxc4 14. bxc4 cxd4 15. Bxd4 Qa4 16. cxd5 Nxd5 17. Bxg7 Kxg7 18. Nb3 Qa3 19. Ne5 Bd7 20. Nd4 Bb5 21. Nxb5 axb5 22. Qxb5 Qxa2 23. Nc6 Re8 24. Rfd1 Nf6 25. Qe5 Qa6 {½-½ Eliskases,E-Horowitz,I Havana 1952 (12)}) 11... b6 12. a4 Bb7 13. a5 b5 14. Be5 Bh6 15. b4 cxb4 16. Nd4 Qc8 17. Bxf6 exf6 18. Rfb1 Qc3 19. N2b3 Rac8 20. Qf3 f5 21. g3 Rfe8 22. h4 Re7 23. Kg2 Qc7 24. Rh1 Qd6 25. h5 Bg7 26. Rac1 Rc3 27. Rh4 Rec7 28. hxg6 hxg6 29. Rch1 Qf6 30. Qd1 Kf8 31. Rh7 Rc8 32. Qf3 Ke7 33. Qf4 R3c7 34. Nd2 Rd7 35. N2f3 Rdd8 36. Ng5 Rh8 37. Rxh8 Bxh8 38. Ndf3 d4 39. Rh7 Bg7 40. exd4 Rxc2 41. d5 Bxd5 42. Qxb4+ Ke8 43. Rxg7 Qxg7 44. Qd6 Bxf3+ 45. Nxf3 Qc3 46. Qxa6 Qc6 47. Qa7 b4 48. Qb8+ Qc8 49. Qxb4 Qc5 50. Qe1+ Kf8 51. d4 Qd5 52. Qe3 Ra2 53. Kh2 Qxa5 54. Ne5 Qd5 55. Nd3 Qe4 56. Qh6+ Kg8 0-1

[Event "45th Olympiad 2024"]
[Site "Budapest HUN"]
[Date "2024.09.15"]
[Round "5.40"]
[Board "1"]
[White "Al-Ali, Hussein Ali Hussein"]
[Black "Nielsen, Hogni Egilstoft"]
[Result "0-1"]
[WhiteElo "2122"]
[BlackElo "2379"]
[PlyCount "98"]
[EventDate "2024.09.11"]
[WhiteTeam "Iraq"]
[BlackTeam "Faroe Islands"]
[WhiteTeamCountry "IRQ"]
[BlackTeamCountry "FAI"]

1. e4 e5 2. Nf3 Nc6 3. Nc3 Nf6 4. g3 d5 5. exd5 Nxd5 6. Bg2 Nxc3 7. bxc3 Bd6 8. O-O O-O 9. d3 h6 10. Rb1 Rb8 11. Nd2 ({RR} 11. Re1 Re8 12. h3 Be6 13. a4 Qd7 14. Kh2 b6 15. d4 exd4 16. cxd4 Bd5 17. Be3 Na5 18. Qd3 Qc6 19. Bd2 Nc4 20. Rb5 Nxd2 21. Qxd2 Bxf3 22. d5 Qc4 23. Bxf3 Qxa4 24. Rb3 Rxe1 25. Qxe1 Re8 {0-1 Hou,Y (2650)-Radjabov,T (2747) Chess.com Rapid CGC KO 2022 (1.4)}) 11... Be6 ({RR} 11... Bd7 12. Nc4 f5 13. Bd5+ Kh8 14. Nxd6 cxd6 15. Qh5 Qf6 16. f4 Be6 17. fxe5 Nxe5 18. Bg5 Qf7 19. Qxf7 Bxf7 20. Bxf7 Rxf7 21. Be3 b6 22. Rb5 Re8 23. Rd5 Ng4 24. Bd4 Re2 25. h3 Ne3 26. Bxe3 {1-0 Garrido Diaz,J (2291)-Castro Quijano,E (2103) 35th Roquetas de Mar Open 2024 (6.20)}) 12. a4 $146 ({RR} 12. c4 Qd7 13. Ne4 Be7 14. Be3 b6 15. Nc3 Bh3 16. Bxh3 Qxh3 17. Nd5 Bd6 18. f4 f5 19. c3 Rbe8 20. Rb2 Ne7 21. Nxe7+ Rxe7 22. Rbf2 Rfe8 23. Qd2 Qg4 24. fxe5 Bxe5 25. Bf4 Bxf4 26. Rxf4 Re2 {½-½ Sax,G (2593)-Cigan,S (2349) SLO-chT 11th 2001 (4)}) ({RR} 12. c4 Qd7 13. Ne4 Be7 14. Be3 b6 15. f4 exf4 16. Bxf4 Rbd8 17. Kh1 Nd4 18. Nc3 Bd6 19. Bxd6 Qxd6 20. Qc1 Rfe8 21. Nb5 Nxb5 22. Rxb5 c5 23. Rb1 Bd7 24. Qd2 Bc6 25. Rbe1 Bxg2+ 26. Qxg2 Re7 {½-½ Sulashvili,M (2254)-Radulski,J (2501) EU-ch 3rd Batumi 2002 (4)}) ({RR} 12. c4 Qd7 13. Ne4 Be7 14. Be3 Nd4 15. c3 Nc6 16. f4 Rfd8 17. Nf2 exf4 18. Bxf4 Bd6 19. Be3 b6 20. Qh5 Ne5 21. Bd5 c6 22. Bxe6 Qxe6 23. Rbe1 Qg6 24. Qxg6 Nxg6 25. d4 b5 26. c5 Bc7 {0-1 Rahls,P (2278)-Shchekachev,A (2505) Seefeld op 10th 1999 (5)}) 12... Qd7 13. Ne4 Be7 14. Be3 b6 15. f4 f5 16. Nd2 Bf6 17. c4 Rbd8 18. h3 Na5 19. Rb5 e4 20. Qe1 Bc3 21. Rf2 Rfe8 22. Bf1 a6 23. Rb1 Qxa4 24. Qc1 Bf7 25. dxe4 fxe4 26. c5 b5 27. Nb3 Nxb3 28. cxb3 Qb4 29. Rc2 Bd4 30. Kh2 Bxe3 31. Qxe3 c6 32. Bg2 Rd3 33. Qe1 Qxe1 34. Rxe1 Bxb3 35. Rce2 Bd5 36. Ra1 Ra8 37. g4 Rd4 38. Ra5 Kf7 39. Re3 Rc4 40. Kg3 Kf6 41. h4 g5 42. hxg5+ hxg5 43. Ra1 a5 44. Rh1 a4 45. fxg5+ Ke5 46. g6 a3 47. g7 a2 48. Ree1 Rc3+ 49. Kh4 Rg8 0-1

[Event "45th Olympiad 2024"]
[Site "Budapest HUN"]
[Date "2024.09.15"]
[Round "5.40"]
[Board "2"]
[White "Egilstoft, Rogvi"]
[Black "Zozek Salah Mohammed"]
[Result "1-0"]
[WhiteElo "2278"]
[BlackElo "2180"]
[PlyCount "113"]
[EventDate "2024.09.11"]
[WhiteTeam "Faroe Islands"]
[BlackTeam "Iraq"]
[WhiteTeamCountry "FAI"]
[BlackTeamCountry "IRQ"]

1. e4 e6 2. Nf3 d5 3. Nc3 Nf6 4. e5 Nfd7 5. d4 c5 6. dxc5 Bxc5 7. Bd3 Nc6 8. Bf4 f6 9. exf6 Nxf6 10. O-O O-O 11. Qe2 Bd6 ({RR} 11... a6 12. Ne5 Nxe5 13. Bxe5 Bd7 14. Kh1 Qe8 15. Rae1 Qf7 16. f4 Rae8 17. Nd1 Bc6 18. Nf2 Qh5 19. Qxh5 Nxh5 20. Ng4 Nf6 21. h3 Bb5 22. Rf3 Bxd3 23. cxd3 Nxg4 24. hxg4 Rc8 25. Kh2 Bb4 26. Re2 {½-½ Cherniaev,A (2437)-Baburin,A (2584) Monarch Assurance 10th 2001 (8)}) 12. Bxd6 Qxd6 13. Nb5 $146 ({RR} 13. Rad1 Qf4 14. Rfe1 Bd7 15. a3 Rae8 16. Qd2 Qxd2 17. Rxd2 d4 18. Ne4 e5 19. Nd6 Re7 20. Bb5 Rb8 21. b3 Kf8 22. Bxc6 bxc6 23. Rxe5 c5 24. Rde2 Rxe5 25. Rxe5 Rb6 26. Nc4 Rc6 27. h3 h6 {1-0 Secula,V-Lorenzen Hamburg-ch 1958 (4)}) ({RR} 13. Rfe1 Bd7 14. Nb5 Qf4 15. Ne5 Nxe5 16. Qxe5 Ne4 17. Qxf4 Rxf4 18. Bxe4 Bxb5 19. Bd3 Bd7 20. Rad1 Raf8 21. f3 R8f6 22. Rd2 g5 23. h3 Kg7 24. Re5 h6 25. Re3 Rf8 26. b3 b5 27. Re1 Rc8 {0-1 Montilla Rodriguez,A (1473)-Cordomi Forns,F (1886) IV Llinars Int Open 2024 (5.34)}) ({RR} 13. Rae1 Qf4 14. Ne5 Nxe5 15. Qxe5 Qxe5 16. Rxe5 Bd7 17. h3 Rfc8 18. Ne2 Rc6 19. Nd4 Rb6 20. b3 a5 21. Rfe1 Kf7 22. a4 g6 23. Nf3 Re8 24. Bb5 Bxb5 25. Ng5+ Kg8 26. axb5 Ne4 27. Nxe4 dxe4 {1-0 Speelman,J-Hoi,C Schilde op U18 9th 1973 (4)}) ({RR} 13. Rae1 Bd7 14. Nb5 Qb4 15. c3 Qa5 16. Nbd4 Rae8 17. a3 Qc7 18. Nxc6 bxc6 19. Ne5 Bc8 20. b4 g6 21. Qe3 Nd7 22. f4 Nxe5 23. fxe5 Qb6 24. Qd4 Rxf1+ 25. Rxf1 Qxd4+ 26. cxd4 Rf8 27. Rxf8+ Kxf8 {½-½ Maslowski,M (2140)-Duda,L (2099) POL-ch U16 Zakopane 2001 (3)}) 13... Qf4 14. Rfe1 a6 15. g3 Qh6 16. Nc7 Rb8 17. h4 Bd7 18. c4 Kh8 19. Nxe6 Bxe6 20. Qxe6 Rbe8 21. Qf5 Ne4 22. Qxd5 Nb4 23. Qd4 Nd2 24. Nxd2 Rxe1+ 25. Rxe1 Qxd2 26. Re7 Rg8 27. Rd7 Nxd3 28. Qxd3 Qxb2 29. Rd8 h6 30. Rxg8+ Kxg8 31. Qd5+ Kh8 32. c5 Qb5 33. Kg2 a5 34. a4 Qb4 35. Qd8+ Kh7 36. Qd3+ Kh8 37. Qd8+ Kh7 38. Qd3+ Kh8 39. Qd5 Kh7 40. Qf5+ Kh8 41. c6 bxc6 42. Qc8+ Kh7 43. Qxc6 Qe1 44. Qc2+ Kg8 45. Kf3 Qh1+ 46. Kf4 Qe1 47. Qc4+ Kf8 48. Qd4 Kf7 49. Kf3 Kf8 50. Qc4 Qd1+ 51. Ke4 Qg4+ 52. Kd5 Qf3+ 53. Kd6 g5 54. hxg5 hxg5 55. Qd4 Qf5 56. Kc6 Kg8 57. Qd5+ 1-0

[Event "45th Olympiad 2024"]
[Site "Budapest HUN"]
[Date "2024.09.15"]
[Round "5.40"]
[Board "3"]
[White "Salih, Akar Ali Salih"]
[Black "Rodgaard, John"]
[Result "0-1"]
[WhiteElo "2174"]
[BlackElo "2273"]
[PlyCount "82"]
[EventDate "2024.09.11"]
[WhiteTeam "Iraq"]
[BlackTeam "Faroe Islands"]
[WhiteTeamCountry "IRQ"]
[BlackTeamCountry "FAI"]

1. e4 c5 2. Nc3 e6 3. g3 Nc6 4. Nge2 a6 5. Bg2 b5 6. O-O Bb7 7. Re1 Qb6 ({RR} 7... Nf6 8. e5 Ng8 9. d4 cxd4 10. Nxd4 Qc7 11. Nxc6 dxc6 12. Ne4 Rd8 13. Qf3 Qxe5 14. Bg5 Rd5 15. Nf6+ gxf6 16. Rxe5 fxe5 17. c4 bxc4 18. Qc3 f6 19. Bxd5 exd5 20. Bxf6 Nxf6 21. Qxe5+ Be7 22. Re1 {1-0 Peng,L (2557)-Pinero,C (2284) Titled Tue 12th Mar Early 2024 (6)}) 8. d3 Nf6 9. Nf4 $146 ({RR} 9. h3 Be7 10. Be3 O-O 11. g4 d6 12. Ng3 Nd7 13. Nce2 Nd4 14. Nf4 Bf6 15. Nfh5 Be7 16. c3 Nc6 17. Qd2 g6 18. Nf4 Bf6 19. Nfe2 b4 20. f4 Rfe8 21. Kh1 Rab8 22. Rf1 bxc3 23. bxc3 Ba8 {0-1 Nuri,K (2240)-Haag,G (2370) SUI-chT Switzerland 2021 (4.7)}) 9... d6 10. h3 Be7 11. Be3 Rc8 12. Qd2 O-O 13. g4 Rfd8 14. g5 Nd7 15. Nh5 g6 16. Ng3 b4 17. Nd1 e5 18. f4 exf4 19. Bxf4 Nd4 20. Ne3 Ne5 21. Qf2 Rf8 22. Rad1 f6 23. gxf6 Bxf6 24. c3 Ne6 25. Bxe5 Bxe5 26. Nc4 Qd8 27. Qe3 Bf4 28. Qf3 Qh4 29. Kh2 Bd2 30. Nxd2 Rxf3 31. Nxf3 Qe7 32. Nf1 Nf4 33. Ne3 bxc3 34. bxc3 Rf8 35. c4 Bc8 36. Nd5 Nxd5 37. exd5 Qf6 38. Kh1 Bxh3 39. Bxh3 Qxf3+ 40. Bg2 Qg3 41. Re2 Rf2 0-1

[Event "45th Olympiad 2024"]
[Site "Budapest HUN"]
[Date "2024.09.15"]
[Round "5.40"]
[Board "4"]
[White "Apol, Luitjen Akselsson"]
[Black "Alothman, Ali Layth Ahmed"]
[Result "1-0"]
[WhiteElo "2219"]
[BlackElo "2161"]
[PlyCount "89"]
[EventDate "2024.09.11"]
[WhiteTeam "Faroe Islands"]
[BlackTeam "Iraq"]
[WhiteTeamCountry "FAI"]
[BlackTeamCountry "IRQ"]

1. d4 d5 2. Nf3 e6 3. e3 c5 4. b3 cxd4 5. exd4 Nc6 6. Bb2 Bd6 7. Bd3 Nge7 8. O-O Ng6 9. Re1 Qf6 $146 ({RR} 9... O-O 10. Nbd2 a5 11. a3 b6 12. Rc1 Nce7 13. c4 Ba6 14. Bb1 Rc8 15. Ne5 Bxe5 16. dxe5 dxc4 17. Nxc4 Qxd1 18. Rexd1 Bxc4 19. Rxc4 Rxc4 20. bxc4 Nc6 21. Bxg6 hxg6 22. Rd6 Rc8 23. g3 a4 24. Bc3 {0-1 Le Chevalier,Y (1929)-Kostic,V (2390) Nice op 11th 2004 (3)}) 10. a3 O-O 11. c4 Nf4 12. Bf1 Qh6 13. Nc3 Bd7 14. Bc1 Qh5 15. g3 Ng6 16. Qd3 e5 17. cxd5 Nxd4 18. Nxd4 exd4 19. Ne4 Ne5 20. Be2 Nxd3 21. Bxh5 Nxe1 22. Nxd6 Nd3 23. Bd2 Nc5 24. Rb1 b6 25. b4 Na4 26. Re1 Rad8 27. Re7 g6 28. Bf3 Bg4 29. Bxg4 Rxd6 30. Bf3 Nc3 31. Bf4 Rdd8 32. d6 d3 33. d7 Ne2+ 34. Kf1 Nd4 35. Be4 Nf5 36. Bxf5 gxf5 37. Bh6 Rb8 38. Ke1 Rfd8 39. b5 f4 40. gxf4 f5 41. Kd2 Rf8 42. a4 Rfd8 43. Kxd3 Kh8 44. Kd4 Rg8 45. Ke5 1-0

[Event "45th Olympiad 2024"]
[Site "Budapest HUN"]
[Date "2024.09.15"]
[Round "5.41"]
[Board "1"]
[White "Ashiku, Franc"]
[Black "Christie, Joshua"]
[Result "1/2-1/2"]
[WhiteElo "2400"]
[BlackElo "2271"]
[PlyCount "166"]
[EventDate "2024.09.11"]
[WhiteTeam "Albania"]
[BlackTeam "Jamaica"]
[WhiteTeamCountry "ALB"]
[BlackTeamCountry "JAM"]

1. d4 Nf6 2. Nf3 e6 3. Bf4 c5 4. e3 d5 5. Nbd2 Bd6 6. dxc5 Bxc5 7. Bd3 Nc6 8. O-O O-O 9. c4 ({RR} 9. a3 Bd6 10. Bxd6 Qxd6 11. c4 Rd8 12. b4 dxc4 13. Bxc4 b6 14. Qe2 Bb7 15. Rfd1 Ne5 16. Nxe5 Qxe5 17. Nf3 Qh5 18. Ba6 Be4 19. Nd4 Qg6 20. f3 e5 21. fxe4 exd4 22. Rxd4 Rxd4 23. exd4 Qxe4 {1-0 Melkumyan,H (2640)-Bochnicka,V (2421) Titled Tue 30th Apr Late 2024 (1)}) 9... Qe7 ({RR} 9... Bd6 10. Bxd6 Qxd6 11. Rc1 Rd8 12. a3 dxc4 13. Bxc4 Bd7 14. Qe2 Rac8 15. Rfd1 Ne5 16. Nxe5 Qxe5 17. Nf3 Qc7 18. Qe1 Qb6 19. Qe2 Qc7 20. Qe1 Qb6 21. Qe2 Qc7 {½-½ Demchenko,A (2655)-Nakamura,H (2745) FIDE Chess.com Grand Swiss 2019 (3)}) 10. Bg3 $146 ({RR} 10. a3 a5 11. Bg3 Rd8 12. Qe2 d4 13. exd4 Nxd4 14. Nxd4 Bxd4 15. Nf3 Bxb2 16. Bxh7+ Nxh7 17. Qxb2 Qc5 18. Rfd1 Bd7 19. Qxb7 Ba4 20. Rxd8+ Rxd8 21. Ne5 Be8 22. h3 f6 23. Ng4 Qxc4 24. Ne3 Qc6 {0-1 Xiong,J (2687)-Zierk,S (2488) Titled Tuesday intern op 09th Nov blitz 2021 (9)}) ({RR} 10. Qb1 Rd8 11. Rd1 h6 12. Bg3 Nh5 13. cxd5 exd5 14. Nb3 Bb6 15. Bh7+ Kh8 16. Bf5 Nxg3 17. hxg3 Qf6 18. Bxc8 Raxc8 19. a4 a5 20. Ra3 Nb4 21. Nbd4 Rc4 22. Rc3 Rdc8 23. Rdc1 g6 24. Nd2 R4c5 {½-½ Solomon,K (2355)-Christie,J (2272) Olympiad-44 Chennai 2022 (9.1)}) 10... Rd8 11. Qe2 h6 12. Rac1 Bb6 13. a3 a5 14. Rfe1 d4 15. exd4 Nxd4 16. Nxd4 Bxd4 17. Rb1 a4 18. Bc2 Bd7 19. Nf3 Bb6 20. Ne5 Be8 21. Bh4 Rd4 22. Nf3 Rdd8 23. Red1 Qc5 24. Bg3 Rac8 25. Ne5 Bc7 26. Bd3 Nd7 27. Ng4 Bxg3 28. hxg3 h5 29. Ne3 Nf6 30. Rd2 Rd6 31. Rbd1 Rcd8 32. Bc2 Bc6 33. Rxd6 Rxd6 34. Rxd6 Qxd6 35. Nd1 Ng4 36. Nc3 Qd7 37. Qd1 Qxd1+ 38. Bxd1 Ne5 39. c5 Nd3 40. Nxa4 Bxa4 41. Bxa4 Nxc5 42. Bd1 g6 43. Bf3 b6 44. b4 Nb3 45. a4 Kf8 46. Bd1 Nd4 47. a5 Nc6 48. axb6 Nxb4 49. b7 Na6 50. f4 Ke7 51. Kf2 Kd6 52. Ke3 Kc7 53. Kd4 Nb8 54. Ba4 f6 55. Be8 Kxb7 56. Bxg6 Kc7 57. Bxh5 Kd6 58. Bf3 Nd7 59. Bd1 f5 60. Bc2 Nf6 61. Bd1 Nd7 62. Bf3 Nf6 63. Ke3 Kc5 64. Bd1 Nd5+ 65. Kf2 Kd6 66. Bc2 Ke7 67. Bd1 Kd6 68. Bf3 Nf6 69. Kg1 Ke7 70. Kh2 Nd7 71. g4 fxg4 72. Bxg4 Nc5 73. Kg3 Kf6 74. Bh3 e5 75. f5 Ne4+ 76. Kh4 Ng5 77. g4 e4 78. Bg2 e3 79. Kg3 e2 80. Kf2 Ke5 81. Kxe2 Kf4 82. f6 Kxg4 83. f7 Nxf7 1/2-1/2

[Event "45th Olympiad 2024"]
[Site "Budapest HUN"]
[Date "2024.09.15"]
[Round "5.41"]
[Board "2"]
[White "Smith, Shreyas"]
[Black "Mehmeti, Dritan"]
[Result "0-1"]
[WhiteElo "2226"]
[BlackElo "2364"]
[PlyCount "70"]
[EventDate "2024.09.11"]
[WhiteTeam "Jamaica"]
[BlackTeam "Albania"]
[WhiteTeamCountry "JAM"]
[BlackTeamCountry "ALB"]

1. e4 e6 2. d4 d5 3. e5 c5 4. c3 Nc6 5. Nf3 Qb6 6. Be2 cxd4 7. cxd4 Nge7 8. Na3 Nf5 9. Nc2 Bd7 10. O-O Be7 11. Bd3 Rc8 ({RR} 11... Nb4 12. Bxf5 exf5 13. Bg5 Bxg5 14. Nxb4 Qxb4 15. Nxg5 O-O 16. Nh3 Qxb2 17. Rb1 Qxa2 18. Rxb7 Be6 19. Nf4 Rfb8 20. Re7 Qa3 21. Rc7 Rc8 22. Qc2 Rxc7 23. Qxc7 Qa6 24. h4 h6 25. Rb1 Qc8 26. Qd6 {½-½ Shirov,A (2662)-Bluebaum,M (2672) EU-ch Final Online 2020 (3.1)}) 12. g4 Nh6 13. h3 $146 ({RR} 13. Bxh6 gxh6 14. Qd2 Bf8 15. Kh1 Nb4 16. Nxb4 Qxb4 17. Qf4 Bb5 18. Rad1 Bxd3 19. Rxd3 Bg7 20. g5 h5 21. Ng1 Rc2 22. Qe3 O-O 23. Ne2 Rxb2 24. a3 Qb6 25. Ng3 Rb1 26. Rxb1 Qxb1+ 27. Kg2 Rc8 {1-0 Buckley,G (2311)-Ethelontis,A (2001) IV Mindsports Int Open 2024 (6.11)}) 13... Ng8 14. b4 h5 15. Be3 hxg4 16. hxg4 Nh6 17. Ng5 Nxb4 18. Nxb4 Qxb4 19. Rb1 Qa4 20. Qxa4 Bxa4 21. Rxb7 Bc6 22. Rxa7 Nxg4 23. Nxf7 Kxf7 24. Bg5 Rhe8 25. Rc1 Kf8 26. Bd2 Ba8 27. Rcc7 Rxc7 28. Rxc7 Nh6 29. a4 Nf5 30. Bc3 Rb8 31. a5 Bd8 32. Rc5 Ne7 33. Bb5 Kf7 34. Bd7 Rb7 35. Bc8 Rc7 0-1

[Event "45th Olympiad 2024"]
[Site "Budapest HUN"]
[Date "2024.09.15"]
[Round "5.41"]
[Board "3"]
[White "Veleshnja, Zino"]
[Black "Glaves, Raheem"]
[Result "1/2-1/2"]
[WhiteElo "2294"]
[BlackElo "2094"]
[PlyCount "94"]
[EventDate "2024.09.11"]
[WhiteTeam "Albania"]
[BlackTeam "Jamaica"]
[WhiteTeamCountry "ALB"]
[BlackTeamCountry "JAM"]

1. d4 Nf6 2. c4 e6 3. g3 Bb4+ 4. Bd2 Qe7 5. Nf3 O-O 6. Bg2 Bxd2+ 7. Qxd2 d6 8. Nc3 Nc6 ({RR} 8... c5 9. O-O Nc6 10. Rfd1 Rd8 11. e3 Rb8 12. Ne1 Bd7 13. b3 b6 14. d5 exd5 15. Nxd5 Nxd5 16. Qxd5 Be8 17. Nd3 b5 18. Nf4 Ne5 19. cxb5 Bxb5 20. Qd2 Bc6 21. Nd5 Bxd5 22. Qxd5 g6 23. Rd2 {½-½ Rustemov,A (2525)-Kamsky,G (2666) Chess.com Rapid Wk24 Swiss 2022 (9)}) 9. O-O Rd8 $146 ({RR} 9... h6 10. Rac1 a6 11. d5 Nd8 12. dxe6 Nxe6 13. b4 Re8 14. Rfe1 Nf8 15. Nd5 Qd8 16. Nxf6+ Qxf6 17. c5 Rd8 18. cxd6 Rxd6 19. Qc2 c6 20. Nd2 Qe7 21. Nc4 Rd8 22. Nb6 Rb8 23. Nxc8 Rbxc8 24. a3 {½-½ Adorjan,A (2560)-Csom,I (2505) Szirak 1986}) ({RR} 9... a5 10. Rfe1 e5 11. Nd5 Nxd5 12. cxd5 Nxd4 13. Nxd4 exd4 14. Qxd4 f5 15. Rac1 Rf7 16. e4 f4 17. e5 fxg3 18. hxg3 Bf5 19. e6 Rff8 20. Rc3 b6 21. Rec1 Ra7 22. Rc4 h5 23. Qc3 Rc8 24. Rc6 {1-0 Iskusnyh,S (2473)-Curtis,J (2292) Titled Tuesday intern op 08th Mar Late blitz 2022 (6)}) ({RR} 9... Rb8 10. Rac1 b6 11. d5 Na5 12. b3 e5 13. Ne1 Re8 14. e4 Nb7 15. b4 a5 16. a3 Bd7 17. Nd3 Ra8 18. f4 axb4 19. axb4 Ra3 20. Qb2 Raa8 21. f5 Red8 22. h4 Be8 23. Bh3 h5 24. Rc2 {0-1 Manion,J (2360)-Denker,A (2265) World op 23rd 1995 (2)}) ({RR} 9... a6 10. Rac1 Bd7 11. Rfd1 Na5 12. b3 Rab8 13. Ne5 Be8 14. Nd3 Nc6 15. d5 Nd8 16. e4 e5 17. b4 b6 18. c5 bxc5 19. bxc5 dxc5 20. Qc2 Rb6 21. Na4 Bxa4 22. Qxa4 Nb7 23. Qa3 Nd7 24. Bh3 {½-½ Sjol,H (1860)-Royset,P (2234) Arctic Chess Challenge 2008 (1)}) 10. e4 e5 11. Nd5 Nxd5 12. cxd5 Nxd4 13. Nxd4 exd4 14. Qxd4 c5 15. Qd2 Bd7 16. f4 f5 17. e5 dxe5 18. d6 Qf6 19. Qd5+ Be6 20. fxe5 Bxd5 21. Bxd5+ Qf7 22. Rad1 Kf8 23. Bxf7 Kxf7 24. Rxf5+ Ke6 25. Rf2 Rd7 26. Kg2 Rc8 27. h4 c4 28. Kh3 b5 29. Kg4 h6 30. h5 b4 31. Rc2 c3 32. Rd4 a5 33. bxc3 bxc3 34. Kf4 Rc5 35. Re4 Rf7+ 36. Ke3 Rxe5 37. Rxc3 Rxe4+ 38. Kxe4 Kxd6 39. Rd3+ Kc5 40. Ke5 a4 41. g4 Kb4 42. a3+ Kc4 43. Rg3 Rf6 44. g5 hxg5 45. Rxg5 Rh6 46. Kf5 Kb3 47. Kg4 Rh7 1/2-1/2

[Event "45th Olympiad 2024"]
[Site "Budapest HUN"]
[Date "2024.09.15"]
[Round "5.41"]
[Board "4"]
[White "McKennis, Darren"]
[Black "Xhembulla, Aleksander"]
[Result "0-1"]
[WhiteElo "1905"]
[BlackElo "2169"]
[PlyCount "74"]
[EventDate "2024.09.11"]
[WhiteTeam "Jamaica"]
[BlackTeam "Albania"]
[WhiteTeamCountry "JAM"]
[BlackTeamCountry "ALB"]

1. d4 Nf6 2. c4 e6 3. Nc3 d5 4. cxd5 exd5 5. Bg5 c6 6. e3 h6 7. Bh4 Be7 8. Bd3 O-O 9. Qc2 Re8 10. Nf3 Ne4 11. Bxe7 Qxe7 12. O-O Bf5 13. Nd2 Nxd2 14. Qxd2 Bxd3 15. Qxd3 Nd7 16. Rfc1 $146 ({RR} 16. Rab1 a5 17. Rfc1 Qg5 18. h3 Re6 19. Rc2 Rae8 20. Nd1 Rg6 21. f4 Qg3 22. Kh1 Nf6 23. Qf1 Ne4 24. Re2 Nd6 25. b4 axb4 26. Rxb4 b5 27. Rb3 Ne4 28. Qf3 Qxf3 29. gxf3 Ng3+ 30. Kh2 Nxe2 {0-1 Montano Vicente,G (1690)-Rian,K (2089) Titled Tue 16th Jan Late 2024 (8)}) ({RR} 16. b4 a6 17. a4 Nb6 18. b5 axb5 19. axb5 c5 20. dxc5 Qxc5 21. Ne2 Qc4 22. Qxc4 dxc4 23. Nd4 Kf8 24. Rfc1 g6 25. Kf1 Ke7 26. Ke2 Kd6 27. Rab1 Ra2+ 28. Kf3 Kc5 29. Nb3+ Kd6 30. Rd1+ Ke5 {½-½ Dias,S (1954)-Pal,R (2077) IV Mindsports Int Open 2024 (5.20)}) ({RR} 16. a3 Nb6 17. b4 a6 18. Rfb1 Rec8 19. Qc2 Nc4 20. Na4 b5 21. Nb2 a5 22. Nxc4 dxc4 23. Qc3 axb4 24. axb4 Qb7 25. Rxa8 Rxa8 26. Ra1 Ra6 27. g3 Qa8 28. Ra5 Rxa5 29. bxa5 Qa7 30. Qb4 f6 {½-½ Leszczewicz,K (1588)-Mazurek,J (1726) 266th YMCA Autumn A 2022 (11)}) 16... Nb6 17. Qc2 Nc4 18. b3 Nd6 19. Na4 h5 20. h3 g6 21. Nc5 Kg7 22. a4 Qg5 23. Nd3 Re7 24. Qe2 Nf5 25. Ne5 Rae8 26. Nf3 Qf6 27. b4 Nxd4 28. Nxd4 Qxd4 29. b5 Qf6 30. bxc6 bxc6 31. Qa6 Rc7 32. Qa5 Rb7 33. Ra2 d4 34. exd4 Qxd4 35. Rxc6 Rb1+ 36. Kh2 Qf4+ 37. g3 Qe4 0-1